| 000 | 00000nam##2200000za#4500 |
| 001 | 9.603564 |
| 003 | CaOODSP |
| 005 | 20210624211133 |
| 007 | cr ||||||||||| |
| 008 | 150406|1999||||xxc|||||o f|0| 0 fre|d |
| 040 | |aCaOODSP|bfre |
| 043 | |an-cn--- |
| 086 | 1 |aNH14-1/0385F-PDF |
| 110 | 2 |aSociété canadienne d'hypothèques et de logement. |
| 245 | 10|aChoix et adaptabilité des logements destinés aux réfugiés africains / |h[ressource électronique]|crédigée par Word-Works Communications Services. |
| 260 | |aOttawa - Ontario : |bSociété canadienne d'hypothèques et de logement |
| 300 | |a28p.|bfigures, tableau |
| 490 | 1 |aAbordabilité et choix toujours (ACT), projet de réforme de la réglementation|vOctobre 1999 |
| 590 | |a12-31-Supp|b2012-07-06 |
| 775 | 08|tHousing choice and adaptability for African refugees / |w(CaOODSP)9.573395 |
| 776 | 0#|tChoix et adaptabilité des logements destinés aux réfugiés africains / |w(CaOODSP)9.534761 |
| 776 | 0#|tHousing choice and adaptability for African refugees / |w(CaOODSP)9.534760 |
| 830 | #0|aAbordabilité et choix toujours (ACT), projet de réforme de la réglementation ;|vOctobre 1999|w(CaOODSP)9.503295 |
| 856 | 40|ahttp://publications.gc.ca|qPDF|s119 Ko|uhttps://publications.gc.ca/collections/Collection/NH14-1-0385F.pdf|yOctobre 1999 |